000 01032cam a22003137a 4500
003 CHAP
005 20220329135557.0
008 971013s1986 r 00010 d
010 _a38790
011 _a39762
035 _a43887
040 _cCHAP
090 _aTesis
100 0 0 _aPeña del Angel, Francisco Javier.
_986779
245 1 4 _aLas diapositivas, su efectividad y uso en la agroeducación superior
260 _aMonterrey, N. L. :
_bEl autor,
_c1986
300 _a67 h.
502 _aTesis (Ing. Agrónomo Fitotecnista) -- Universidad Autónoma de Nuevo León. Fac. de Agronomía
590 _aALEPH
_b10
_c20130110
_lUCH01
_h1305
590 _aBATCH-UPD
_b10
_c20130110
_lUCH01
_h1926
590 _aBATCH-UPD
_b10
_c20130410
_lUCH01
_h1251
590 _aBATCH-UPD
_b10
_c20130914
_lUCH01
_h1204
590 _aCONVERSION
_b10
_c20130109
_lUCH01
_h1322
650 1 4 _aDiapositivas.
_932422
650 1 4 _aEducación agrícola.
_935491
901 _aBK
942 _cTESIS
949 _bBC
_cTES
_d-100443
_eTS1
_h20026
_i43887
_si
999 _c38790
_d38790